[Event "Titled Tuesday intern op 02nd Apr Early"]
[Site "Chess.com INT"]
[Date "2024.04.02"]
[Round "4"]
[White "Kushko, Dmitriy"]
[Black "Palencia Morales, Wilson Guillermo"]
[Result "1-0"]
[WhiteElo "2445"]
[BlackElo "2188"]
[PlyCount "63"]
[EventDate "2024.04.02"]
[EventType "swiss (blitz)"]
[EventRounds "11"]
[EventCountry "USA"]
[SourceTitle "CB15_2024"]
[SourceDate "2024.04.10"]
[SourceVersion "1"]
[SourceVersionDate "2024.04.10"]
[SourceQuality "1"]

1. Nf3 c5 2. e4 d6 3. d4 cxd4 4. Nxd4 Nf6 5. Nc3 g6 6. h3 Bg7 7. g3 0-0 8. Bg2 Nc6 9. Be3 Nxd4 10. Bxd4 Be6 11. 0-0 Qa5 12. Re1 Nd7 13. Nd5 Bxd5 14. Bxg7 Kxg7 15. exd5 Rfe8 16. Qd4+ Nf6 17. Re3 Rac8 18. c3 Qc5 19. Qd2 b5 20. a4 a6 21. axb5 axb5 22. Ra3 e5 23. dxe6 Rxe6 24. Rxe6 fxe6 25. Ra6 Rd8 26. Qe2 e5 27. Rc6 Qa7 28. Qxb5 Rb8 29. Qc4 Ne8 30. b4 Rb7 31. Ra6 Rc7 32. Rxa7 1-0

[Event "Titled Tuesday intern op 02nd Apr Early"]
[Site "Chess.com INT"]
[Date "2024.04.02"]
[Round "3"]
[White "Lazavik, Denis"]
[Black "Kushko, Dmitriy"]
[Result "1-0"]
[WhiteElo "2572"]
[BlackElo "2445"]
[PlyCount "103"]
[EventDate "2024.04.02"]
[EventType "swiss (blitz)"]
[EventRounds "11"]
[EventCountry "USA"]
[SourceTitle "CB15_2024"]
[SourceDate "2024.04.10"]
[SourceVersion "1"]
[SourceVersionDate "2024.04.10"]
[SourceQuality "1"]

1. d4 g6 2. c4 Bg7 3. Nf3 d6 4. g3 Nf6 5. Bg2 0-0 6. Nc3 Nc6 7. 0-0 e5 8. dxe5 dxe5 9. Bg5 h6 10. Qxd8 Rxd8 11. Bxf6 Bxf6 12. Nd5 Kg7 13. Nxc7 Rb8 14. e4 Be7 15. Nd5 Bc5 16. Rfd1 a5 17. h3 g5 18. Ne1 f5 19. exf5 Bxf5 20. Ne3 Be6 21. N1c2 Nd4 22. Na3 b6 23. Re1 Rf8 24. Rad1 Bb4 25. Rf1 Rbd8 26. Nb1 Ne2+ 27. Kh2 Rxd1 28. Rxd1 Rxf2 29. Rf1 Rxf1 30. Bxf1 Nd4 31. Kg2 h5 32. a3 Be1 33. Bd3 g4 34. hxg4 hxg4 35. Nc3 Bxc3 36. bxc3 Nb3 37. Be2 Nd2 38. c5 bxc5 39. Bxg4 Bf7 40. Bf5 Kf6 41. Kf2 Nc4 42. Nxc4 Bxc4 43. Be4 Kg5 44. Kf3 Bb3 45. Bc6 Kf5 46. Bd7+ Kf6 47. Ke4 Ke7 48. Bb5 Kf6 49. Bd3 Be6 50. Be2 Bf7 51. g4 Ke6 52. Bc4+ 1-0

[Event "Titled Tuesday intern op 02nd Apr Late"]
[Site "Chess.com INT"]
[Date "2024.04.02"]
[Round "1"]
[White "Novak, Ratko"]
[Black "Kushko, Dmitriy"]
[Result "0-1"]
[WhiteElo "2034"]
[BlackElo "2445"]
[PlyCount "88"]
[EventDate "2024.04.02"]
[EventType "swiss (blitz)"]
[EventRounds "11"]
[EventCountry "USA"]
[SourceTitle "CB15_2024"]
[SourceDate "2024.04.10"]
[SourceVersion "1"]
[SourceVersionDate "2024.04.10"]
[SourceQuality "1"]

1. c4 g6 2. d4 Bg7 3. Nc3 d6 4. e4 e5 5. d5 a5 6. f4 Na6 7. fxe5 Bxe5 8. Nf3 Bg4 9. Be2 Bxf3 10. Bxf3 Nf6 11. Bh6 Ng4 12. Bd2 Nxh2 13. Qa4+ Qd7 14. Qxa5 0-0 15. Qb5 c6 16. Qb3 Bg3+ 17. Ke2 Ng4 18. Rh3 Be5 19. Rah1 h5 20. a3 Rac8 21. Rxh5 gxh5 22. Rxh5 Nf6 23. Rg5+ Kh8 24. Qd1 Nh7 25. Qh1 f6 26. Bg4 Qe7 27. Rh5 Rc7 28. Bf5 Rf7 29. b4 Nb8 30. Nd1 cxd5 31. exd5 Bf4+ 32. Kd3 Bxd2 33. Kxd2 Nd7 34. Be6 Rg7 35. Ne3 Ne5 36. Nf5 Nxc4+ 37. Ke2 Qf8 38. Nxg7 Rxg7 39. Bf5 Qe7+ 40. Kd1 Ne3+ 41. Kd2 Nxf5 42. Rxf5 Qe4 43. Rf2 Qxd5+ 44. Ke2 Re7+ 0-1

[Event "Titled Tuesday intern op 12th Mar Early"]
[Site "Chess.com INT"]
[Date "2024.03.12"]
[Round "8"]
[White "Chigaev, Maksim"]
[Black "Kushko, Dmitriy"]
[Result "1-0"]
[WhiteElo "2617"]
[BlackElo "2445"]
[PlyCount "59"]
[EventDate "2024.03.12"]
[EventType "swiss (blitz)"]
[EventRounds "11"]
[EventCountry "USA"]
[SourceTitle "CB12_2024"]
[SourceDate "2023.10.01"]
[SourceVersion "1"]
[SourceVersionDate "2023.10.01"]
[SourceQuality "1"]

1. d4 g6 2. e4 Bg7 3. Nc3 d6 4. Be3 a6 5. f3 b5 6. Qd2 Nd7 7. h4 h6 8. 0-0-0 Bb7 9. Kb1 e6 10. Nge2 Ne7 11. g4 c5 12. Ng3 Nc6 13. d5 Nd4 14. dxe6 fxe6 15. f4 Qa5 16. h5 g5 17. fxg5 0-0-0 18. gxh6 Be5 19. Nce2 Qxd2 20. Bxd2 Nxe2 21. Nxe2 Bxe4 22. Rh3 Nf6 23. g5 Ng4 24. Re1 Rdf8 25. Rh4 Bf3 26. Bh3 Nf2 27. Bxe6+ Kc7 28. g6 Ne4 29. Rxe4 Bxe4 30. g7 1-0

[Event "Titled Tuesday intern op 12th Mar Early"]
[Site "Chess.com INT"]
[Date "2024.03.12"]
[Round "9"]
[White "Plyasunov, Daniil"]
[Black "Kushko, Dmitriy"]
[Result "0-1"]
[WhiteElo "2241"]
[BlackElo "2445"]
[PlyCount "156"]
[EventDate "2024.03.12"]
[EventType "swiss (blitz)"]
[EventRounds "11"]
[EventCountry "USA"]
[SourceTitle "CB12_2024"]
[SourceDate "2023.10.01"]
[SourceVersion "1"]
[SourceVersionDate "2023.10.01"]
[SourceQuality "1"]

1. e4 c5 2. Nf3 Nc6 3. Bb5 e6 4. 0-0 Nge7 5. Re1 Nd4 6. Nxd4 cxd4 7. c3 a6 8. Bf1 Nc6 9. d3 Bc5 10. Nd2 0-0 11. Nb3 d6 12. Nxc5 dxc5 13. e5 Qc7 14. Qg4 Kh8 15. Bf4 b6 16. h4 Bb7 17. h5 h6 18. Rac1 Rad8 19. Qh4 Ne7 20. c4 Kh7 21. a3 a5 22. b3 Nf5 23. Qh3 a4 24. b4 cxb4 25. axb4 a3 26. Ra1 Ra8 27. Ra2 Ra4 28. b5 Qc5 29. g4 Ne7 30. Bg2 Qc7 31. Rea1 Rfa8 32. Bxb7 Qxb7 33. Qg2 Qc7 34. Qe4+ Kg8 35. Bc1 Qc5 36. f4 R4a7 37. Kg2 Qb4 38. f5 exf5 39. gxf5 Qc5 40. Kh2 Qc8 41. f6 Nf5 42. Rg2 g5 43. Bxg5 hxg5 44. Rxg5+ Kf8 45. Rag1 Ke8 46. Rg8+ Kd7 47. Qxf5+ Kc7 48. Rxc8+ Rxc8 49. Qe6 fxe6 50. h6 a2 51. h7 Rh8 52. Rg7+ Kb8 53. Rg8+ Kb7 54. Rxh8 a1Q 55. Rb8+ Kxb8 56. h8Q+ Kb7 57. Qg7+ Ka8 58. f7 Ra2+ 59. Qg2+ Rxg2+ 60. Kxg2 Qa3 61. c5 Qxc5 62. Kf3 Qf8 63. Ke4 Qxf7 64. Kxd4 Qc7 65. Ke4 Qc5 66. d4 Qd5+ 67. Kf4 Qxb5 68. Kg5 Qd5 69. Kf6 Kb7 70. Ke7 Kc6 71. Kf6 b5 72. Ke7 b4 73. Kf6 b3 74. Ke7 b2 75. Kf6 b1Q 76. Ke7 Qb7+ 77. Kf6 Qf3+ 78. Kg5 Qg7+ 0-1

[Event "Titled Tuesday intern op 12th Mar Early"]
[Site "Chess.com INT"]
[Date "2024.03.12"]
[Round "5"]
[White "Shubenkova, Veronika"]
[Black "Kushko, Dmitriy"]
[Result "0-1"]
[WhiteElo "2007"]
[BlackElo "2445"]
[PlyCount "80"]
[EventDate "2024.03.12"]
[EventType "swiss (blitz)"]
[EventRounds "11"]
[EventCountry "USA"]
[SourceTitle "CB12_2024"]
[SourceDate "2023.10.01"]
[SourceVersion "1"]
[SourceVersionDate "2023.10.01"]
[SourceQuality "1"]

1. d4 Nf6 2. e3 g6 3. c4 Bg7 4. Nc3 0-0 5. Bd3 d6 6. Nge2 e5 7. d5 a5 8. 0-0 Na6 9. b3 Nh5 10. e4 Nf4 11. g3 Nxd3 12. Qxd3 f5 13. f3 Nc5 14. Qc2 g5 15. Be3 h5 16. Bxc5 dxc5 17. Kh1 Ra6 18. Rf2 Rh6 19. Rg1 b6 20. exf5 Bxf5 21. Ne4 g4 22. N2c3 Bh7 23. fxg4 Rxf2 24. Qxf2 hxg4 25. Rf1 Bg6 26. Qe2 Qd7 27. Nf6+ Bxf6 28. Rxf6 Qe7 29. Re6 Qg5 30. Qxe5 Qc1+ 31. Qe1 Qc2 32. Re2 Qd3 33. Re3 Qc2 34. Ne2 Be4+ 35. Kg1 Bf3 36. Re8+ Kf7 37. Re3 Rxh2 38. Kxh2 Qh7+ 39. Kg1 Qh1+ 40. Kf2 Qg2# 0-1

[Event "Titled Tuesday intern op 13th Feb Early"]
[Site "Chess.com INT"]
[Date "2024.02.13"]
[Round "9"]
[White "Kushko, Dmitriy"]
[Black "Maltsevskaya, Aleksandra"]
[Result "0-1"]
[WhiteElo "2445"]
[BlackElo "2374"]
[PlyCount "76"]
[EventDate "2024.02.13"]
[EventType "swiss (blitz)"]
[EventRounds "11"]
[EventCountry "USA"]
[SourceTitle "CB08_2024"]
[SourceDate "2024.02.21"]
[SourceVersion "1"]
[SourceVersionDate "2024.02.21"]
[SourceQuality "1"]

1. g3 Nf6 2. Bg2 g6 3. d4 Bg7 4. Nf3 d6 5. 0-0 0-0 6. Re1 Nbd7 7. e4 e5 8. Nc3 exd4 9. Nxd4 Nc5 10. Nb3 Nxb3 11. axb3 Re8 12. h3 Bd7 13. b4 a6 14. Be3 Bc6 15. Bd4 Nd7 16. f4 Bxd4+ 17. Qxd4 Qf6 18. Qf2 Nb6 19. Bf1 Re7 20. Kh2 Rae8 21. Bd3 h5 22. Ra5 Qe6 23. Qd4 Nd7 24. b5 axb5 25. Bxb5 Qf6 26. Qe3 b6 27. Bxc6 bxa5 28. Nd5 Qxb2 29. Nxe7+ Rxe7 30. Re2 Nc5 31. e5 a4 32. c3 Qb3 33. Qd4 a3 34. Bd5 Qb1 35. Rf2 c6 36. exd6 Rd7 37. Bxc6 a2 38. c4 a1Q 0-1

[Event "Titled Tuesday intern op 13th Feb Early"]
[Site "Chess.com INT"]
[Date "2024.02.13"]
[Round "4"]
[White "Kushko, Dmitriy"]
[Black "Muradli, Mahammad"]
[Result "1/2-1/2"]
[WhiteElo "2445"]
[BlackElo "2555"]
[PlyCount "255"]
[EventDate "2024.02.13"]
[EventType "swiss (blitz)"]
[EventRounds "11"]
[EventCountry "USA"]
[SourceTitle "CB08_2024"]
[SourceDate "2024.02.21"]
[SourceVersion "1"]
[SourceVersionDate "2024.02.21"]
[SourceQuality "1"]

1. g3 c5 2. Bg2 Nc6 3. Nf3 g6 4. c4 Bg7 5. Nc3 e6 6. h4 h6 7. a3 Nge7 8. b4 cxb4 9. axb4 Nxb4 10. Ba3 Nec6 11. 0-0 0-0 12. d4 d5 13. Qb3 a5 14. e3 dxc4 15. Qxc4 b6 16. Qb3 Ba6 17. Rfc1 Rc8 18. Ne1 Re8 19. Na2 Nd5 20. Rc2 b5 21. Bf1 Qb6 22. Bc5 Qb7 23. Rac1 b4 24. Bxa6 Qxa6 25. Qa4 Red8 26. Nf3 Rb8 27. Nd2 Qb5 28. Qxb5 Rxb5 29. Rb2 a4 30. e4 Nc7 31. Bxb4 Nxb4 32. Rxb4 Rxb4 33. Nxb4 Rxd4 34. Rxc7 Rxb4 35. Rc8+ Kh7 36. Ra8 Bc3 37. Nf3 Rxe4 38. Kg2 Kg7 39. Rc8 Bb2 40. Ra8 Rb4 41. Ne1 Bc3 42. Nd3 Rc4 43. h5 gxh5 44. Nf4 h4 45. Nh5+ Kg6 46. Nf4+ Kf6 47. Kf3 hxg3 48. fxg3 Bb2 49. Nh5+ Ke7 50. Nf4 a3 51. Ra7+ Kf6 52. Nh5+ Ke5 53. Nf4 Rc3+ 54. Kg4 f5+ 55. Kh3 Rc2 56. Ra6 Ke4 57. Nxe6 Kf3 58. Ra4 Ke2 59. Nf4+ Kd2 60. Kh4 Bf6+ 61. Kh5 a2 62. Nd5 a1Q 63. Rxa1 Bxa1 64. Kxh6 Be5 65. Kg6 Bxg3 66. Kxf5 Bf2 67. Ke4 Rc4+ 68. Ke5 Rc5 69. Kd6 Ra5 70. Nf6 Bg3+ 71. Ke6 Ke3 72. Nd5+ Kd4 73. Nf6 Bh4 74. Nd7 Ra6+ 75. Kf7 Kd5 76. Nf8 Ke5 77. Ng6+ Kd5 78. Nxh4 Ke4 79. Ng6 Rb6 80. Ne7 Ke5 81. Ng6+ Kd6 82. Kf6 Ra6 83. Kf5 Ra4 84. Nf4 Ra5+ 85. Kf6 Ra1 86. Kf5 Re1 87. Ng6 Rf1+ 88. Ke4 Re1+ 89. Kf5 Rg1 90. Nf4 Rf1 91. Ke4 Rf2 92. Nd3 Rf8 93. Nf4 Re8+ 94. Kf5 Re5+ 95. Kf6 Rb5 96. Ng6 Kd5 97. Kf5 Kd4+ 98. Kf4 Rb8 99. Kf5 Rb5+ 100. Kf4 Ra5 101. Nh4 Ra1 102. Nf5+ Kd5 103. Ne3+ Kd4 104. Nf5+ Kd3 105. Ke5 Ra5+ 106. Ke6 Ke4 107. Nd6+ Kf4 108. Nc4 Rc5 109. Nd6 Re5+ 110. Kd7 Re1 111. Nb5 Ke5 112. Kc6 Rc1+ 113. Kb6 Rc2 114. Nc7 Kd6 115. Nb5+ Kd7 116. Na3 Ra2 117. Nb5 Rc2 118. Na3 Rc1 119. Kb5 Rc3 120. Nc4 Rc1 121. Kc5 Kc7 122. Kd5 Rh1 123. Ne5 Rh5 124. Ke6 Rh6+ 125. Kf5 Rh8 126. Nf7 Rf8 127. Ke6 Re8+ 128. Kf6 1/2-1/2